| 000 | 01897cam a22002058i 4500 | ||
|---|---|---|---|
| 005 | 20260623115710.0 | ||
| 020 | _a9781009346863 | ||
| 082 | 0 | 0 |
_aR 324.954 KAT/E _223/eng/20230520 |
| 100 | 1 |
_aKatju, Manjari, _eauthor. _916811 |
|
| 245 | 1 | 0 |
_aElectoral practice and the Election Commission of India : _bpolitics, institutions and democracy / _cby Manjari Katju. |
| 260 |
_a. - UK _b: Cambridge University Press _c, 2023 |
||
| 300 | _axiii+250 pages | ||
| 504 | _aIncludes bibliographical references and index. | ||
| 505 | 0 | _aIntroduction : institutions, institutionalisation and politics -- A transforming India and the role of the Election Commission -- The Election Commission : leading the electoral administration -- Political parties, the event of elections and the Election Commission -- Contestant information and voters' rights -- Election violence -- Campaign funding and spending -- Initiatives to raise voter participation -- Conclusion. | |
| 520 | _a"This book offers an insight into the contribution of the Election Commission of India (EC) to the Indian democratic process through its regulatory role in conducting elections between 1990 and 2019. It elaborates upon the EC's interactions with pivotal state institutions - the parliament, the Supreme Court and political parties - to streamline democratic procedures during the aforementioned period. It demonstrates a comparison between important electoral procedures in India and those in other liberal democracies (Canada, the United States, the United Kingdom and South Africa, among others) to highlight the role of electoral institutions in democratisation. It also studies the sociopolitical situatedness of the EC as a body that moulds the political culture in India"-- | ||
| 650 | 0 |
_aElections _zIndia _916525 |
|
| 650 | 0 |
_aPolitical participation _zIndia. _916812 |
|
| 650 | 0 |
_aDemocracy _zIndia. _91372 |
|
| 942 |
_2ddc _cREF |
||
| 999 |
_c760944 _d760944 |
||